Missing Word: History Channel Shows Quiz Stats

 Plays Quiz Updated Dec 1, 2018

Support Sporcle.
Go Orange.
Score 0/14 Timer 03:00
1 Play Today
Show Missing Word % Correct
Around the _____ in 80 WaysWorld
94.3%
Ice _____ TruckersRoad
83.1%
Hatfields & _____McCoys
78.6%
Full _____ JoustingMetal
54.3%
_____ StarsPawn
50.2%
Swamp _____People
45.8%
Forged in _____Fire
44.9%
Show Missing Word % Correct
Top ____Shot
44.3%
Stan _____ SuperhumansLee's
40.6%
Counting _____Cars
34.9%
The _____ of Oak IslandCurse
29.6%
Modern _____Marvels
28.2%
_____ MenMountain
22.5%
Project _____ BookBlue
19.6%

Today's Daily Dose

You're not logged in!

Compare scores with friends on all Sporcle quizzes.
OR
Log In
Forgot?

From the Vault

Finish the Three-Word Band II

by LTH

Music 5m
Pretty Hate Blank by the Nine Inch Blanks is one of our favorite albums.
Remove Ads.
Support Sporcle.
Get the best of Sporcle when you Go Orange. This ad-free experience offers more features, more stats, and more fun while also helping to support Sporcle. Thank you for becoming a member.

Show Comments

Extras

Top Quizzes Today


Score Distribution

Your Account Isn't Verified!

In order to create a playlist on Sporcle, you need to verify the email address you used during registration. Go to your Sporcle Settings to finish the process.

Report this User

Report this user for behavior that violates our Community Guidelines.

Details: